000 00569nam a2200217 a 4500
001 BRL_623
005 20190320210826.0
008 110913s1999----mx-a######---#000-0#spa-#
041 _aspa
044 _amx
050 4 _aTR647
_b.P76 1999
110 2 _aCentro de la Imagen
_924454
245 1 0 _aPrograma de Talleres
260 _aMéxico, D.F.
_bCentro de la Imagen ; CONACULTA
_c1999
300 _a80 p.
_bil.
_c21 cm.
500 _aAu654
650 1 4 _aFotografía
_vExposiociones
_924455
650 1 4 _aArte
_vExposiociones
_924456
902 _aGRL
942 _2lcc
_cB
999 _c9435
_d9435